[Event "2BLS 1920 SV Worms 1878 - SF Neuberg"]
[Site "?"]
[Date "2020.02.09"]
[Round "8.8"]
[White "Musiolik, David"]
[Black "Bethke, Richard"]
[Result "0-1"]
[WhiteElo "2124"]
[BlackElo "2301"]
[PlyCount "70"]
[EventDate "2020.??.??"]

1. Nf3 d5 2. g3 Nd7 3. d4 b5 4. b3 Ngf6 5. c4 bxc4 6. bxc4 dxc4 7. Qa4 Bb7 8.
Bg2 e6 9. Nc3 Be7 10. Rb1 Bd5 11. Nxd5 exd5 12. Ne5 O-O 13. Nc6 Qe8 14. Nxe7+
Qxe7 15. Ba3 c5 16. Rb7 Rab8 17. Rxb8 Rxb8 18. Qxa7 Qe8 19. Bc1 Ra8 20. Qb7
cxd4 21. Bxd5 Rb8 22. Qc6 Rc8 23. Qb7 Rb8 24. Qc6 d3 25. Be3 Nxd5 26. Qxd5 Nf6
27. Qf3 Rb1+ 28. Kd2 Qa4 29. Kc3 Qa3+ 30. Kd4 Qd6+ 31. Kc3 Nd5+ 32. Kd4 Nxe3+
33. Kxe3 Qe5+ 34. Kd2 Rb2+ 35. Kd1 Rxa2 0-1

[Event "2BLS 1920 SC Eppingen - TSV Schönaich"]
[Site "?"]
[Date "2020.02.09"]
[Round "8.1"]
[White "Bosiocic, Marin"]
[Black "Noe, Christopher"]
[Result "0-1"]
[WhiteElo "2635"]
[BlackElo "2517"]
[PlyCount "78"]
[EventDate "2020.??.??"]

1. c4 Nf6 2. Nc3 c5 3. g3 g6 4. Bg2 Bg7 5. Nf3 O-O 6. O-O d6 7. d4 Na6 8. h3
Rb8 9. Be3 b6 10. Qc1 Bb7 11. Nb5 cxd4 12. Bxd4 Qd7 13. Rd1 Nc5 14. Qe3 Ne6 15.
Bc3 a6 16. Nbd4 Nc5 17. Nb3 Na4 18. Bd4 Qe6 19. Qxe6 fxe6 20. Rd2 Bh6 21. Rdd1
e5 22. Bc3 Nxc3 23. bxc3 Ne4 24. Re1 Rfc8 25. Nh2 Nxc3 26. Ng4 Bg7 27. Bxb7
Rxb7 28. Ne3 e4 29. a4 e6 30. Kg2 d5 31. cxd5 exd5 32. Ra3 d4 33. Nf1 Rf7 34.
Nfd2 Rcf8 35. f3 e3 36. Nf1 Nxe2 37. Rxe2 Rxf3 38. Re1 d3 39. Rb1 Be5 0-1

[Event "2BLS 1920 SC Eppingen - TSV Schönaich"]
[Site "?"]
[Date "2020.02.09"]
[Round "8.2"]
[White "Mesaros, Florian"]
[Black "Krassowizkij, Jaroslaw"]
[Result "1/2-1/2"]
[WhiteElo "2403"]
[BlackElo "2465"]
[PlyCount "90"]
[EventDate "2020.??.??"]

1. c4 e6 2. Nc3 d5 3. d4 Nf6 4. cxd5 Nxd5 5. e4 Nxc3 6. bxc3 c5 7. Nf3 cxd4 8.
cxd4 Bb4+ 9. Bd2 Bxd2+ 10. Qxd2 O-O 11. Be2 Nc6 12. O-O e5 13. Rfd1 exd4 14.
Nxd4 Nxd4 15. Qxd4 Qxd4 16. Rxd4 Be6 17. Rb4 b6 18. f4 Rfc8 19. f5 Bd7 20. Rd1
Be8 21. Rbd4 Kf8 22. Bc4 Rc5 23. Bb3 a5 24. Kf2 b5 25. Rd8 Rcc8 26. Rxc8 Rxc8
27. Ke3 f6 28. Rd6 Bf7 29. Bxf7 Kxf7 30. Rd7+ Kf8 31. Kd4 Rc2 32. Rb7 Rd2+ 33.
Kc5 h5 34. Rxb5 Rxa2 35. g3 a4 36. Ra5 Kg8 37. Kd6 a3 38. Ke6 Re2 39. Ra8+ Kh7
40. Rxa3 Rxe4+ 41. Kf7 Rb4 42. Re3 Rb5 43. Rf3 Rb7+ 44. Ke6 Kg8 45. Rd3 Rb2
1/2-1/2

[Event "2BLS 1920 SC Eppingen - TSV Schönaich"]
[Site "?"]
[Date "2020.02.09"]
[Round "8.3"]
[White "Plenca, Jadranko"]
[Black "Ruck, Robert"]
[Result "1/2-1/2"]
[WhiteElo "2463"]
[BlackElo "2537"]
[PlyCount "43"]
[EventDate "2020.??.??"]

1. e4 c6 2. Nc3 d5 3. Nf3 Bg4 4. h3 Bxf3 5. Qxf3 Nf6 6. g3 e6 7. Bg2 Nxe4 8.
Nxe4 dxe4 9. Qxe4 Qd5 10. O-O Qxe4 11. Bxe4 Nd7 12. b4 a6 13. a4 Be7 14. Rb1
Nf6 15. Bg2 O-O 16. b5 axb5 17. axb5 Rfc8 18. bxc6 bxc6 19. Rb7 Kf8 20. Bb2 Ne8
21. Rb1 Ra2 22. Bc3 1/2-1/2

[Event "2BLS 1920 SC Eppingen - TSV Schönaich"]
[Site "?"]
[Date "2020.02.09"]
[Round "8.4"]
[White "Medvegy, Zoltan"]
[Black "Saric, Ante"]
[Result "1/2-1/2"]
[WhiteElo "2532"]
[BlackElo "2531"]
[PlyCount "142"]
[EventDate "2020.??.??"]

1. c4 Nf6 2. g3 c6 3. Bg2 d5 4. Nf3 e6 5. b3 b6 6. O-O Bb7 7. d4 Be7 8. Qc2 Na6
9. Nc3 O-O 10. Rd1 Qc8 11. e4 Nb4 12. Qe2 Nxe4 13. Nxe4 dxe4 14. Qxe4 c5 15.
Qe2 cxd4 16. Nxd4 Bxg2 17. Kxg2 Qb7+ 18. Kg1 Rfd8 19. Bb2 Bf6 20. a3 Bxd4 21.
Rxd4 Rxd4 22. Bxd4 Nc6 23. Bc3 Rd8 24. Rd1 Qe7 25. b4 Rxd1+ 26. Qxd1 f6 27. Qd3
h6 28. h4 Kf7 29. h5 e5 30. b5 Nd4 31. Bxd4 exd4 32. Qxd4 Qxa3 33. Qd5+ Kf8 34.
Kg2 Qe7 35. Kf3 Qc7 36. Ke4 Qc8 37. Qd6+ Kf7 38. Qd5+ Ke7 39. Kf4 Kf8 40. f3
Ke7 41. Ke4 Qc7 42. Kf5 Qxg3 43. Qb7+ Kf8 44. Qa8+ Kf7 45. Qxa7+ Kg8 46. Qa8+
Kh7 47. Qd5 Qh3+ 48. Ke4 Qh4+ 49. Kd3 Qf2 50. Qe4+ Kg8 51. Qe8+ Kh7 52. Qe3
Qf1+ 53. Kd4 Qh3 54. Kc3 Qxh5 55. Qxb6 Qxf3+ 56. Kb4 h5 57. Qc7 h4 58. b6 Qg3
59. Qxg3 hxg3 60. b7 g2 61. b8=Q g1=Q 62. Qd6 Qb1+ 63. Kc3 g5 64. c5 Qc1+ 65.
Kb4 Qb2+ 66. Kc4 Qc2+ 67. Kb5 Qb3+ 68. Ka5 Qa3+ 69. Kb5 Qb3+ 70. Ka5 Qa3+ 71.
Kb5 Qb3+ 1/2-1/2

[Event "2BLS 1920 SC Eppingen - TSV Schönaich"]
[Site "?"]
[Date "2020.02.09"]
[Round "8.5"]
[White "Wenninger, Philipp"]
[Black "Guliyev, Namig"]
[Result "1-0"]
[WhiteElo "2377"]
[BlackElo "2537"]
[PlyCount "85"]
[EventDate "2020.??.??"]

1. d4 d5 2. Nf3 Nf6 3. c4 dxc4 4. e3 e6 5. Bxc4 a6 6. O-O c5 7. a4 Nc6 8. Qe2
cxd4 9. Rd1 d3 10. Bxd3 Qc7 11. e4 Ng4 12. Be3 Bd6 13. h3 Nxe3 14. Qxe3 O-O 15.
Nbd2 Bf4 16. Qe2 Bd7 17. g3 Bxd2 18. Qxd2 e5 19. Bf1 Be6 20. b4 f6 21. b5 axb5
22. axb5 Rxa1 23. Rxa1 Ne7 24. Rc1 Qd8 25. Bc4 Bxc4 26. Rxc4 Nc8 27. Rc5 Qe7
28. Rd5 Nb6 29. Rd6 Qc7 30. Qa2+ Nc4 31. Rd3 Qf7 32. Nd2 Nb6 33. Qxf7+ Rxf7 34.
Rd8+ Rf8 35. Rd6 Na4 36. Rd7 b6 37. f3 Rc8 38. Ra7 Rc1+ 39. Kf2 Nc5 40. Ke2 h5
41. Rc7 h4 42. gxh4 Rh1 43. Rxc5 1-0

[Event "2BLS 1920 SC Eppingen - TSV Schönaich"]
[Site "?"]
[Date "2020.02.09"]
[Round "8.6"]
[White "Hacker, Jonas"]
[Black "Plenca, Julijan"]
[Result "0-1"]
[WhiteElo "2352"]
[BlackElo "2418"]
[PlyCount "212"]
[EventDate "2020.??.??"]

1. e4 c5 2. Nf3 d6 3. d4 cxd4 4. Nxd4 Nf6 5. Nc3 Nc6 6. Bg5 e6 7. Qd2 a6 8.
O-O-O Bd7 9. f4 b5 10. Bxf6 gxf6 11. Kb1 Qb6 12. Nce2 O-O-O 13. g3 Kb8 14. f5
Nxd4 15. Nxd4 e5 16. Ne2 b4 17. c4 Qb7 18. Bg2 h5 19. Nc1 Ba4 20. b3 Bh6 21.
Qb2 Bc6 22. Rhe1 Qb6 23. Nd3 a5 24. Qf2 Qxf2 25. Nxf2 Kc7 26. Bf3 h4 27. g4 Bf4
28. h3 Bg3 29. Re2 Bxf2 30. Rxf2 Kb6 31. Rfd2 Kc5 32. Kb2 Rd7 33. Re1 a4 34.
bxa4 Bxa4 35. Bd1 Bc6 36. Bb3 Ra8 37. Re3 Ra6 38. Kc1 Rda7 39. Kd1 Rc7 40. Ke2
Ba8 41. Kf3 Kc6 42. Rg2 Rc8 43. g5 fxg5 44. Rxg5 Kc5 45. Rg7 Ra7 46. Re1 Bc6
47. Rh7 Rca8 48. Re2 Rg8 49. Rxh4 Rg1 50. Rg4 Rc1 51. h4 f6 52. h5 Rh1 53. Rg6
Rxh5 54. Rxf6 Rg7 55. Ke3 Rh4 56. Bc2 Ra7 57. Bb3 Rxe4+ 58. Kd2 Rd4+ 59. Kc1
Rh7 60. Kb2 Rh1 61. Rf8 Rf1 62. Rc8 Kb6 63. a3 Bb7 64. c5+ dxc5 65. Re8 bxa3+
66. Kxa3 Rf3 67. Ka2 Rb4 68. Re6+ Kb5 69. Re7 Bc6 70. Be6 e4 71. Bd7 Bxd7 72.
Rxd7 Ra4+ 73. Kb2 Rxf5 74. Re7 Rf4 75. Re5 Rb4+ 76. Kc3 Kc6 77. Re8 Kd7 78. Re5
Kd6 79. Re8 Rf3+ 80. Kc2 Rc4+ 81. Kd2 Rd4+ 82. Kc2 Kd5 83. Rd8+ Kc4 84. Re8 Rf4
85. Re7 Rh4 86. Re8 Rg4 87. Re7 Kd5 88. Rd7+ Ke6 89. Rc7 Rg5 90. Kc3 Kd6 91.
Rc8 Rg3+ 92. Kc2 Ra4 93. Rd2+ Ke5 94. Rxc5+ Kf4 95. Rf2+ Ke3 96. Rf6 Ke2 97.
Kc1 Ra1+ 98. Kb2 Rd1 99. Rc2+ Rd2 100. Rf2+ Kxf2 101. Rxd2+ Ke1 102. Rd8 e3
103. Kc2 e2 104. Rf8 Rg7 105. Rf6 Rc7+ 106. Kb2 Rc5 0-1

[Event "2BLS 1920 SC Eppingen - TSV Schönaich"]
[Site "?"]
[Date "2020.02.09"]
[Round "8.7"]
[White "Koelle, Tobias"]
[Black "Gibicar, Danijel"]
[Result "1/2-1/2"]
[WhiteElo "2305"]
[BlackElo "2254"]
[PlyCount "50"]
[EventDate "2020.??.??"]

1. d4 Nf6 2. c4 c5 3. d5 b5 4. cxb5 a6 5. bxa6 g6 6. Nc3 Bg7 7. g3 d6 8. Bg2
O-O 9. Nf3 Nxa6 10. O-O Bb7 11. Nd2 Nd7 12. Nc4 Ne5 13. Nxe5 Bxe5 14. Bh6 Re8
15. Qd2 Qa5 16. f4 Bf6 17. Bg5 Bd4+ 18. e3 Bg7 19. g4 h6 20. Bh4 Nc7 21. Be1
Ba6 22. Rf2 Nb5 23. g5 hxg5 24. f5 Nxc3 25. bxc3 Qa4 1/2-1/2

[Event "2BLS 1920 SC Eppingen - TSV Schönaich"]
[Site "?"]
[Date "2020.02.09"]
[Round "8.8"]
[White "Cofmann, Veaceslav"]
[Black "Lorscheid, Gerhard"]
[Result "1/2-1/2"]
[WhiteElo "2278"]
[BlackElo "2227"]
[PlyCount "105"]
[EventDate "2020.??.??"]

1. d4 d6 2. e4 Nf6 3. Bd3 e5 4. d5 Be7 5. c4 a5 6. Nc3 Na6 7. h3 Nc5 8. Bc2 c6
9. Be3 Qb6 10. Rb1 cxd5 11. exd5 Bd7 12. Nf3 O-O 13. Nd2 Qc7 14. O-O Rfc8 15.
f4 exf4 16. Rxf4 b5 17. cxb5 Qb7 18. Bd4 Bxb5 19. Bxf6 Bxf6 20. Rxf6 gxf6 21.
Qg4+ Kf8 22. Nxb5 Qxb5 23. Qf4 Nb7 24. Qh6+ Ke7 25. Re1+ Kd8 26. Bf5 Qxb2 27.
Qf8+ Kc7 28. Re7+ Kb6 29. Bxc8 Qc1+ 30. Nf1 Rxc8 31. Qxf7 Rc7 32. Rxc7 Qxc7 33.
Qxf6 Qc5+ 34. Qf2 Qxf2+ 35. Kxf2 Kc5 36. Ne3 Kd4 37. Kf3 Nc5 38. g4 Nd3 39. g5
Ne5+ 40. Ke2 Ke4 41. h4 Nf3 42. Ng4 Nxh4 43. Nf6+ Kd4 44. Kf2 Ng6 45. Kf3 Ne7
46. Kf4 a4 47. a3 Nxd5+ 48. Kf5 Ne7+ 49. Ke6 Ng6 50. Nxh7 Kc4 51. Nf6 Kb3 52.
Nd5 Kxa3 53. Nb6 1/2-1/2

[Event "2BLS 1920 SV 1947 Walldorf - Stuttgarte"]
[Site "?"]
[Date "2020.02.09"]
[Round "8.1"]
[White "Schitco, Ivan"]
[Black "Aczel, Gergely"]
[Result "1/2-1/2"]
[WhiteElo "2458"]
[BlackElo "2506"]
[PlyCount "151"]
[EventDate "2020.??.??"]

1. Nf3 d5 2. c4 e6 3. g3 dxc4 4. Bg2 Nf6 5. Qa4+ Bd7 6. Qxc4 c5 7. Ne5 Qc8 8.
Qd3 Nc6 9. Nxd7 Nxd7 10. Qb5 Nd4 11. Qa4 Be7 12. e3 Nc6 13. O-O O-O 14. Nc3 Rd8
15. Rd1 Nb6 16. Qc2 Rd7 17. a3 h6 18. b3 Ne5 19. a4 a5 20. d3 Qd8 21. Ba3 Rc8
22. Bf1 Nf3+ 23. Kg2 Nd4 24. Qb1 Nc6 25. Ra2 Nd5 26. Nxd5 Rxd5 27. Rad2 b6 28.
Kg1 Bf6 29. Bg2 Rd7 30. Qc2 Nb4 31. Qc4 h5 32. h4 g6 33. Be4 Bg7 34. Rc1 Rcc7
35. Rcd1 Rd6 36. Rc1 Rdd7 37. Rcd1 Kh7 38. Bg2 Rd6 39. Be4 Rcd7 40. Bxb4 axb4
41. Kg2 Bc3 42. Ra2 f5 43. Bf3 e5 44. Rf1 Rxd3 45. Be2 R3d6 46. Rc2 Kh6 47. Bf3
Rd3 48. Be2 Rd2 49. Rxd2 Rxd2 50. Bf3 Qd6 51. Rb1 Kg7 52. Qa6 Kh7 53. Rf1 Kh6
54. Qc4 Qd7 55. Rb1 Kg7 56. Rf1 Qd8 57. Rh1 Bb2 58. Rf1 Kh6 59. Rh1 Qd6 60. Rb1
Kg7 61. Qa6 e4 62. Be2 Be5 63. Kh3 Kh6 64. Qc4 Bf6 65. Kg2 Bg7 66. Re1 Qd8 67.
Qc1 Rb2 68. Bc4 Qf6 69. Re2 Rxe2 70. Bxe2 Qc3 71. Qd1 Qf6 72. Bc4 Bf8 73. Qd7
Bg7 74. Qe6 Qxe6 75. Bxe6 Be5 76. Bc4 1/2-1/2

[Event "2BLS 1920 SV 1947 Walldorf - Stuttgarte"]
[Site "?"]
[Date "2020.02.09"]
[Round "8.2"]
[White "Gschnitzer, Adrian"]
[Black "Macovei, Andrei"]
[Result "1/2-1/2"]
[WhiteElo "2396"]
[BlackElo "2457"]
[PlyCount "101"]
[EventDate "2020.??.??"]

1. e4 c6 2. d4 d5 3. e5 Bf5 4. Nf3 e6 5. Be2 Ne7 6. O-O c5 7. dxc5 Nec6 8. Be3
Nd7 9. c4 dxc4 10. Na3 Bxc5 11. Nxc4 O-O 12. Bxc5 Nxc5 13. Qc1 Nd3 14. Bxd3
Qxd3 15. Rd1 Qc2 16. Nd4 Qxc1 17. Raxc1 Be4 18. f3 Bd5 19. Nxc6 Bxc6 20. Kf2 f6
21. Rd6 Rac8 22. Rc3 Bd5 23. Ne3 Rxc3 24. bxc3 Bxa2 25. Rd7 a5 26. Rxb7 a4 27.
exf6 Rxf6 28. Ke2 Rf7 29. Rb8+ Rf8 30. Rxf8+ Kxf8 31. Kd2 Bb3 32. Kc1 a3 33.
Nc2 a2 34. Na1 Bc4 35. Kb2 Ke7 36. Nc2 Kf6 37. Ne3 Bb3 38. Nf1 Ke5 39. Nd2 Bd5
40. c4 Bc6 41. Kxa2 Kd4 42. Kb3 g5 43. Ne4 g4 44. Ng5 gxf3 45. gxf3 h6 46.
Nxe6+ Ke5 47. Nd8 Bxf3 48. Nf7+ Kf6 49. Nxh6 Kg6 50. Ng8 Kf7 51. Nh6+ 1/2-1/2

[Event "2BLS 1920 SV 1947 Walldorf - Stuttgarte"]
[Site "?"]
[Date "2020.02.09"]
[Round "8.3"]
[White "Kvetny, Mark"]
[Black "Tompa, Janos"]
[Result "1-0"]
[WhiteElo "2420"]
[BlackElo "2339"]
[PlyCount "75"]
[EventDate "2020.??.??"]

1. c4 e5 2. Nc3 Nc6 3. Nf3 Nf6 4. a3 g6 5. g3 Bg7 6. Bg2 O-O 7. O-O d6 8. d3
Nd4 9. Nd2 c6 10. b4 Bd7 11. Bb2 a5 12. e3 axb4 13. axb4 Ne6 14. Nb3 Qb6 15.
Na4 Qc7 16. c5 dxc5 17. bxc5 Rfd8 18. Nb6 Rxa1 19. Bxa1 Nxc5 20. Nc4 Bg4 21.
Bxe5 Qxe5 22. Nxe5 Bxd1 23. Nxc5 Be2 24. Re1 b6 25. Nb7 Re8 26. Rxe2 Rxe5 27.
Bxc6 Re6 28. Rc2 Re7 29. Bf3 Bf8 30. d4 Kg7 31. h4 h5 32. Kg2 Re6 33. d5 Re5
34. d6 Nd7 35. Rc7 Nc5 36. d7 Nxb7 37. Rxb7 Be7 38. Rb8 1-0

[Event "2BLS 1920 SV 1947 Walldorf - Stuttgarte"]
[Site "?"]
[Date "2020.02.09"]
[Round "8.4"]
[White "Gschnitzer, Oswald"]
[Black "Neyman, Igor"]
[Result "1-0"]
[WhiteElo "2359"]
[BlackElo "2349"]
[PlyCount "165"]
[EventDate "2020.??.??"]

1. d4 d5 2. c4 c6 3. Nc3 Nf6 4. e3 e6 5. Nf3 Nbd7 6. Qc2 Bd6 7. Bd3 dxc4 8.
Bxc4 b5 9. Be2 a6 10. e4 e5 11. Bg5 Qc7 12. Rc1 exd4 13. Nxd4 O-O 14. Nf5 Bf4
15. Bxf4 Qxf4 16. g3 Qe5 17. f4 Qc5 18. e5 Nb6 19. b4 Qxb4 20. exf6 gxf6 21.
Kf2 Re8 22. Rhd1 Qc5+ 23. Nd4 Bh3 24. Bf3 f5 25. Bxc6 Nc4 26. Bxa8 Na3 27. Qd2
Nc4 28. Qd3 Rxa8 29. Nce2 Rd8 30. Qf3 Bg4 31. Qc6 Qa3 32. Rxc4 bxc4 33. Qxc4
Re8 34. Qb3 Qc5 35. Kf1 Re4 36. Qb8+ Kg7 37. Qb2 Kg6 38. Rc1 Qe7 39. Rc2 Re3
40. Qb6+ f6 41. Qxa6 Qe4 42. Qc6 Qd3 43. a4 Re4 44. Qc3 Rxd4 45. Qxd3 Rxd3 46.
Ra2 Bf3 47. a5 Bd5 48. Ra1 Ba8 49. a6 Kh5 50. Ra2 Kg6 51. a7 Kh5 52. Kf2 Kg6
53. Ra5 Rf3+ 54. Ke1 Rd3 55. Nc1 Re3+ 56. Kd2 Rf3 57. Nd3 Rf1 58. Ke2 Rh1 59.
Nf2 Rc1 60. Ra2 Kh5 61. Nd1 Kg4 62. Ne3+ Kh3 63. Kd3 Rc5 64. Kd4 Rb5 65. Kc4
Rb1 66. Nxf5 Rh1 67. Kc5 Rd1 68. Ne3 Rd7 69. Nc4 Rc7+ 70. Kd4 Rc6 71. Ne3 h5
72. Nf5 Rc1 73. Ne3 Rc6 74. Ra5 Rd6+ 75. Kc4 Rc6+ 76. Rc5 Kxh2 77. Rxc6 Bxc6
78. Nf5 Kh3 79. Kc5 Ba8 80. Kd6 Kg4 81. Ke6 Bb7 82. Kxf6 Ba8 83. Ke5 1-0

[Event "2BLS 1920 SV 1947 Walldorf - Stuttgarte"]
[Site "?"]
[Date "2020.02.09"]
[Round "8.5"]
[White "Strunski, Andreas"]
[Black "Vonthron, Horst"]
[Result "0-1"]
[WhiteElo "2329"]
[BlackElo "2356"]
[PlyCount "86"]
[EventDate "2020.??.??"]

1. c4 e5 2. Nf3 e4 3. Nd4 Nc6 4. Nxc6 dxc6 5. Nc3 Nf6 6. e3 Bd6 7. Be2 Qe7 8.
Qc2 Bf5 9. b3 O-O-O 10. Bb2 h5 11. h3 h4 12. a3 Rh6 13. b4 Rg6 14. Qa4 Kb8 15.
Bf1 Be5 16. O-O-O Nd7 17. Qb3 Bf6 18. f4 exf3 19. gxf3 Rg3 20. e4 Bg6 21. Be2
Bh5 22. d4 Bxf3 23. Bxf3 Rxf3 24. e5 Bg5+ 25. Kb1 Qe6 26. Ka2 Qf5 27. Rhg1 g6
28. c5 Nf8 29. b5 cxb5 30. c6 bxc6 31. d5 a6 32. dxc6 Rxd1 33. Rxd1 Qe6 34. Rd5
Qxc6 35. a4 Qc4 36. axb5 Qxb3+ 37. Kxb3 axb5 38. Kb4 c6 39. Rd1 Kc7 40. Ka5 Ne6
41. Ne4 Be7 42. Nf6 Bxf6 43. exf6 Re3 0-1

[Event "2BLS 1920 SV 1947 Walldorf - Stuttgarte"]
[Site "?"]
[Date "2020.02.09"]
[Round "8.6"]
[White "Faerber, David"]
[Black "Vyval, Volodymyr"]
[Result "0-1"]
[WhiteElo "2331"]
[BlackElo "2237"]
[PlyCount "112"]
[EventDate "2020.??.??"]

1. e4 c5 2. Nf3 d6 3. Bb5+ Bd7 4. Bxd7+ Qxd7 5. c4 Qg4 6. O-O Qxe4 7. d4 cxd4
8. Nxd4 Nf6 9. Nc3 Qg4 10. Qb3 Qd7 11. Bg5 Nc6 12. Rfd1 Rc8 13. Bxf6 gxf6 14.
Nd5 Bg7 15. Qe3 f5 16. Nb5 O-O 17. Nxa7 Rce8 18. Rab1 e6 19. Nf4 Nxa7 20. Qxa7
Ra8 21. Qe3 Kh8 22. a3 Qc6 23. Nh5 Rg8 24. Nxg7 Rxg7 25. g3 Rg4 26. Rd4 Re4 27.
Rxe4 fxe4 28. Rd1 Rd8 29. Qd4+ Kg8 30. h4 Kf8 31. b3 Ke7 32. Qe3 Rg8 33. Kh2
Rg6 34. Rd4 f5 35. f3 exf3 36. Rf4 Rf6 37. Rxf3 e5 38. Rf2 Qc5 39. Qxc5 dxc5
40. Rd2 Rd6 41. Re2 Kf6 42. Kg2 b6 43. b4 e4 44. bxc5 bxc5 45. Rb2 Ke5 46. Rb7
h6 47. Kf2 Rd2+ 48. Kf1 e3 49. Ke1 Rg2 50. Re7+ Kd4 51. a4 Rxg3 52. a5 Rg2 53.
a6 Ra2 54. a7 f4 55. Rd7+ Kxc4 56. Rd8 Rxa7 0-1

[Event "2BLS 1920 SV 1947 Walldorf - Stuttgarte"]
[Site "?"]
[Date "2020.02.09"]
[Round "8.7"]
[White "Beyer, Christian"]
[Black "Mueller, Olaf"]
[Result "1-0"]
[WhiteElo "2282"]
[BlackElo "2330"]
[PlyCount "161"]
[EventDate "2020.??.??"]

1. e4 Nf6 2. Nc3 d5 3. e5 d4 4. Nce2 Ne4 5. c3 Nc5 6. Nxd4 Qd5 7. Ngf3 g5 8.
Nb5 Qe4+ 9. Qe2 Nd3+ 10. Kd1 Qa4+ 11. b3 Qxb5 12. Qxd3 Qxd3 13. Bxd3 Nc6 14.
Re1 g4 15. Nh4 Bg7 16. Bb5 Bd7 17. d4 O-O-O 18. f4 gxf3 19. Nxf3 Rhg8 20. Ke2
Nxe5 21. Bxd7+ Nxd7 22. Kf1 Bf6 23. Bf4 e6 24. Rac1 Nb6 25. Re2 Nd5 26. Bd2 Rg4
27. Ne5 Rg7 28. Rce1 h5 29. Rf2 Rh8 30. c4 Bxe5 31. Rxe5 Nb6 32. Rg5 Rxg5 33.
Bxg5 Rh7 34. h4 Kd7 35. Rf6 Nc8 36. Kf2 Nd6 37. Kf3 Nf5 38. d5 Rg7 39. g4 hxg4+
40. Kxg4 Nd6 41. Kf4 exd5 42. cxd5 Rh7 43. Rh6 Rg7 44. Rh8 Ne8 45. h5 f6 46.
Bh4 Re7 47. h6 Kd6 48. h7 Kxd5 49. Bxf6 Rf7 50. Rxe8 Rxh7 51. Re2 Rf7 52. Kf5
c5 53. Rd2+ Kc6 54. Ke6 Rh7 55. Rd6+ Kb5 56. Bc3 Rh6+ 57. Kd7 Rh7+ 58. Kd8 c4
59. Rd5+ Kc6 60. bxc4 Rh2 61. Bb4 Rh8+ 62. Ke7 Rh7+ 63. Ke6 Rh2 64. Rd6+ Kc7
65. Rd2 Rh4 66. Kd5 Rh5+ 67. Kd4 a5 68. Be7 Rh7 69. Bf6 Kc6 70. a4 Rh3 71. Rd3
Rh2 72. Kc3 b6 73. Kb3 Rh1 74. Bb2 Rf1 75. Rg3 Rb1 76. Rg6+ Kc5 77. Rh6 Rf1 78.
Rh5+ Kc6 79. Rh6+ Kc5 80. Ba3+ Kd4 81. Rd6+ 1-0

[Event "2BLS 1920 SV 1947 Walldorf - Stuttgarte"]
[Site "?"]
[Date "2020.02.09"]
[Round "8.8"]
[White "Fichter, Fabian"]
[Black "Fritsch, Rolf"]
[Result "0-1"]
[WhiteElo "2263"]
[BlackElo "2158"]
[PlyCount "94"]
[EventDate "2020.??.??"]

1. e4 g6 2. d4 Bg7 3. Nc3 d6 4. Be3 a6 5. Qd2 Nd7 6. g4 b5 7. h4 Ngf6 8. f3 h5
9. g5 Ng8 10. Nge2 e5 11. f4 Nb6 12. Ng3 exf4 13. Bxf4 Ne7 14. Be2 Nc6 15. Be3
b4 16. Nd1 a5 17. O-O Qd7 18. Nf2 Ba6 19. Bxa6 Rxa6 20. Qd3 Ra8 21. Kg2 Nd8 22.
Nh3 Ne6 23. Nf4 Nxf4+ 24. Rxf4 O-O 25. Raf1 Qa4 26. b3 Qc6 27. Ne2 Nd7 28. R4f2
d5 29. e5 Nxe5 30. dxe5 d4+ 31. Kg1 dxe3 32. Rf6 Qe8 33. e6 fxe6 34. Qxg6 Qxg6
35. Rxg6 Rxf1+ 36. Kxf1 Kf7 37. Nf4 e5 38. Rxg7+ Kxg7 39. Nxh5+ Kg6 40. Nf6 Rh8
41. Ke2 Rxh4 42. Kxe3 Kxg5 43. Nd5 Kf5 44. Nxc7 Rh2 45. Nb5 Rxc2 46. a3 bxa3
47. Kd3 a2 0-1

[Event "2BLS 1920 SC Eppingen - OSG Baden-Baden"]
[Site "?"]
[Date "2021.08.07"]
[Round "9.1"]
[White "Dann, Matthias"]
[Black "Noe, Christopher"]
[Result "1/2-1/2"]
[WhiteElo "2500"]
[BlackElo "2529"]
[PlyCount "49"]
[EventDate "2021.??.??"]

1. e4 c6 2. Nc3 d5 3. Nf3 Bg4 4. h3 Bxf3 5. Qxf3 e6 6. Be2 Nd7 7. d4 dxe4 8.
Nxe4 Ngf6 9. O-O Be7 10. a4 O-O 11. a5 a6 12. Rd1 Nxe4 13. Qxe4 Nf6 14. Qf3 Qd5
15. c4 Qxf3 16. Bxf3 Rfd8 17. Be3 h6 18. b4 Bxb4 19. Rab1 Bxa5 20. Rxb7 Rac8
21. Ra7 c5 22. d5 exd5 23. cxd5 c4 24. Rxa6 Bc3 25. Ra2 1/2-1/2

[Event "2BLS 1920 SC Eppingen - OSG Baden-Baden"]
[Site "?"]
[Date "2021.08.07"]
[Round "9.2"]
[White "Mesaros, Florian"]
[Black "Bellahcene, Bilel"]
[Result "1/2-1/2"]
[WhiteElo "2417"]
[BlackElo "2502"]
[PlyCount "84"]
[EventDate "2021.??.??"]

1. d4 e6 2. c4 b6 3. Nc3 Bb4 4. e3 Bxc3+ 5. bxc3 Bb7 6. Ne2 f5 7. Ng3 Nf6 8. f3
O-O 9. Bd3 d6 10. O-O Nbd7 11. Rb1 Qe8 12. Qa4 Rf7 13. e4 fxe4 14. fxe4 Kh8 15.
Ba3 c5 16. Qc2 Qe7 17. Qe2 Raf8 18. Bc1 Ng8 19. Rxf7 Rxf7 20. Bd2 Qh4 21. Rf1
Rxf1+ 22. Qxf1 Qf6 23. Be3 Qxf1+ 24. Kxf1 Ngf6 25. Ke2 Kg8 26. Kf3 Kf7 27. Ne2
Ba6 28. Nc1 h6 29. Ke2 Bb7 30. Kf3 Nf8 31. Nb3 Ng6 32. Nd2 Nh4+ 33. Kg3 g5 34.
Bc2 Ng6 35. Kf3 Bc8 36. g3 e5 37. d5 Bh3 38. Bd3 Nh8 39. Bf1 Bg4+ 40. Kg2 Kg6
41. Bd3 Bd7 42. Nf1 Nf7 1/2-1/2

[Event "2BLS 1920 SC Eppingen - OSG Baden-Baden"]
[Site "?"]
[Date "2021.08.07"]
[Round "9.4"]
[White "Guliyev, Namig"]
[Black "Schlosser, Philipp"]
[Result "1-0"]
[WhiteElo "2546"]
[BlackElo "2510"]
[PlyCount "127"]
[EventDate "2021.??.??"]

1. e4 e5 2. Nf3 Nc6 3. Bb5 a6 4. Ba4 Nf6 5. O-O Be7 6. Re1 b5 7. Bb3 d6 8. c3
O-O 9. d4 Bg4 10. Be3 exd4 11. cxd4 Na5 12. Bc2 Nc4 13. Bc1 c5 14. b3 Nb6 15.
Nbd2 Nfd7 16. h3 Bh5 17. Bb2 Rc8 18. Rc1 Re8 19. Bb1 d5 20. dxc5 Nxc5 21. e5
Qd7 22. Bd4 Qb7 23. Bf5 Nbd7 24. Bxc5 Rxc5 25. e6 fxe6 26. Bxe6+ Kh8 27. g4 Bg6
28. Bxd7 Rxc1 29. Qxc1 Qxd7 30. Ne5 Qd6 31. Ndf3 Bf8 32. Qd2 Kg8 33. Nxg6 Rxe1+
34. Nxe1 hxg6 35. Nd3 Qf6 36. Kg2 Qd4 37. Qe2 Qe4+ 38. Qxe4 dxe4 39. Ne5 g5 40.
f3 Bd6 41. Nc6 e3 42. Kf1 Kf7 43. Ke2 Ke6 44. Nd4+ Ke5 45. Nf5 Bf8 46. Kxe3 g6
47. Ng3 Bc5+ 48. Kd3 Kf4 49. Ne4 Be7 50. Ke2 Ba3 51. Kf2 Be7 52. Nc3 Bc5+ 53.
Ke2 Ba3 54. Nd5+ Ke5 55. Nc7 Bd6 56. Nxa6 Kd4 57. b4 Kc3 58. Ke3 Bxb4 59. Nxb4
Kxb4 60. f4 gxf4+ 61. Kxf4 Ka3 62. h4 Kxa2 63. h5 gxh5 64. g5 1-0

[Event "2BLS 1920 SC Eppingen - OSG Baden-Baden"]
[Site "?"]
[Date "2021.08.07"]
[Round "9.5"]
[White "Schmaltz, Roland"]
[Black "Cofmann, Veaceslav"]
[Result "1/2-1/2"]
[WhiteElo "2454"]
[BlackElo "2285"]
[PlyCount "122"]
[EventDate "2021.??.??"]

1. e4 e6 2. d4 d5 3. Nc3 Nf6 4. e5 Nfd7 5. f4 c5 6. Nf3 Nc6 7. Be3 Qb6 8. Na4
Qa5+ 9. c3 c4 10. b4 Nxb4 11. cxb4 Bxb4+ 12. Kf2 b5 13. a3 Be7 14. Nc5 Nxc5 15.
dxc5 Qc7 16. Qd4 Bd7 17. Be2 Rc8 18. Rhb1 a5 19. Qc3 Bxc5 20. Bxc5 Qxc5+ 21.
Qe3 O-O 22. Qxc5 Rxc5 23. Ke3 Rb8 24. Nd4 Rc7 25. Nc2 Kf8 26. Kd4 Rcb7 27. Kc3
Ke7 28. Ra2 Kd8 29. Rab2 Kc7 30. Nd4 f5 31. g4 g6 32. gxf5 gxf5 33. Bh5 Rb6 34.
Bf7 Kd8 35. Bxe6 Bxe6 36. Nxe6+ Rxe6 37. Rxb5 Rxb5 38. Rxb5 Rh6 39. Rxd5+ Ke7
40. Rxa5 Rxh2 41. Kxc4 Rf2 42. Ra7+ Ke6 43. Ra6+ Ke7 44. Rh6 Rxf4+ 45. Kd5 Ra4
46. Rxh7+ Ke8 47. Ke6 Ra6+ 48. Kxf5 Rxa3 49. Kf6 Rf3+ 50. Ke6 Kf8 51. Rh8+ Kg7
52. Ra8 Re3 53. Kd6 Kf7 54. Ra7+ Ke8 55. Ke6 Kf8 56. Rf7+ Ke8 57. Rh7 Kf8 58.
Rh5 Re1 59. Rh8+ Kg7 60. Re8 Ra1 61. Rd8 Re1 1/2-1/2

[Event "2BLS 1920 SC Eppingen - OSG Baden-Baden"]
[Site "?"]
[Date "2021.08.07"]
[Round "9.6"]
[White "Hamid, Emran"]
[Black "Schmider, Niklas"]
[Result "0-1"]
[WhiteElo "2153"]
[BlackElo "2295"]
[PlyCount "86"]
[EventDate "2021.??.??"]

1. e4 e5 2. Nf3 Nc6 3. Bb5 a6 4. Ba4 Nf6 5. O-O Bc5 6. c3 b5 7. Bc2 d5 8. d4
dxe4 9. dxc5 Qxd1 10. Bxd1 exf3 11. Bxf3 e4 12. Be2 Be6 13. Nd2 O-O 14. a4 b4
15. a5 bxc3 16. bxc3 Ne5 17. Rb1 Rfd8 18. Re1 Bf5 19. Rb7 Nd5 20. Nc4 Nc6 21.
Bd2 Bc8 22. Rb2 f5 23. f3 h6 24. Bd1 Nf6 25. Ba4 Bd7 26. Bxc6 Bxc6 27. Ne5 Be8
28. c4 Rab8 29. Reb1 Rxb2 30. Rxb2 g5 31. f4 Nh5 32. g3 gxf4 33. Bxf4 Nxf4 34.
gxf4 e3 35. Re2 Rd4 36. Rxe3 Rxf4 37. Kg2 Rd4 38. Rb3 Re4 39. Nf3 Bc6 40. Kh3
Rxc4 41. Rb8+ Kg7 42. Ne5 Rc3+ 43. Kh4 Bg2 0-1